000 00519nam a2200181Ia 4500
008 131103s9999 xx 000 0 und d
040 _aLoreto College
041 _aEnglish
082 _a238/HAR
_bLCLIB
100 _aHarrison, Martin
245 _aCredo
_b A practical guide to the catholic faith
_cMartin Harrison
260 _aUSA
_bCatechetical Guild Educational Society
_c1957
300 _a416p.
_c 19cm.
650 _aChristianity
651 _aCreeds & catechism
850 _aLCLIB/238/HAR
942 _cBK
999 _c25676
_d76155